000 00813nam a22002657a 4500
001 001144
003 DO-SdBNP
005 20180301131502.0
007 001144
008 160815b 2007 cu ||||| |||| 00| 0 spa d
020 _a9789590809553
040 _aBPMSU
_bspa
_cBPMSU
092 _axxxxxxxx
_bxxxxxxxx
100 1 _aBonachea Entrialgo, Roberto
245 1 _aJuegos de música /
_cRoberto Bonachea Entrialgo ; edición Janet Rayneri Martínez ; ilustraciones Roberto Bonachea Entrialgo
250 _a2a ed.
260 _aHabana, Cuba :
_bGente Nueva,
_c2007.
300 _a87 p. :
_bil.,
_c24 cm.
490 1 _aBiblioteca escolar
504 _aBibliografía : p. 87
830 0 _aBiblioteca escolar
942 _2ddc
_cBK
945 _aInventariado, 2018 /LP
956 _aBTAVÁREZ
_b10
_c20161508
_d001144
999 _c11165
_d11165